000 01595nam0a2200337 4500
001 RU\NLR\b_ik\92872
005 20250616224814.0
010 _a5-201-09784-7
_9120
035 _a(NLR Aleph) 002166908
090 _a2601393
_c2601393
100 _a20021125d2002 |||y0rusy50 ca
101 0 _aeng
_arus
_eeng
_erus
102 _aRU
105 _aa |||||||||
200 1 _aGrid generation: theory and applications
_eProc. of the Workshop organized by Computing centre RAS a. R&D company Tesis June 24-28, 2002, Moscow, Russia
_fEd. by S.A. Ivanenko, V.A. Garanzha
210 _aM.
_cComputing centre RAS
_d2002
215 _a338 с.
_cил.
_d20
300 _aЗагл. обл.: Построение расчетных сеток: теория и приложения
300 _aВ надзаг.: Rus. acad. of sciences, Computing centre
300 _aТекст на англ. и рус. яз.
320 _aБиблиогр. в конце докл.
512 1 _aПостроение расчетных сеток: теория и приложения
606 0 _aМетод конечных разностей
_jСъезды, совещания и т.п.
_91280778
_3RU\NLR\AUTH\66210409
606 0 _aКонечных разностей метод
_jСъезды, совещания и т.п.
_92081519
_3RU\NLR\AUTH\661257503
686 4 _aВ192.13я431
702 1 _aIvanenko
_bS. A.
_4340
801 0 _aRU
_bNLR
_c20021125
_gPSBO
942 _cBOOK
980 _aNB